MALAYSIAN medicinal plants for the treatment of cardiovascular diseases

Bibliographic Details
Other Authors: Goh Swee Hock
Format: Book
Published: Petaling Jaya, SelangorbPelanduk Pub. , 1995
Subjects:

MARC

LEADER 00000cam a2200000 7i4500
001 0000000534
005 20040127.0
020 0 0 |a 9679785157 
090 0 0 |a 615.32109595   |b MAL 1995 
245 0 0 |a MALAYSIAN medicinal plants for the treatment of cardiovascular diseases   |c S.H. Goh ... [et al.] 
260 0 0 |a Petaling Jaya, SelangorbPelanduk Pub. ,   |c 1995 
300 |a 162 p. :   |b ill. ;   |c 26 cm. 
500 0 0 |a Includes index 
650 0 0 |a Cardiovascular pharmacology   |x Diseases   |x Treatment 
650 0 0 |a Herbs   |z Malaysia   |x Therapeutic use 
650 0 0 |a Materia medica, Vegetable   |z Malaysia 
650 0 0 |a Medicinal plants   |z Malaysia 
700 0 1 |a Goh   |h S. H. [  |q Swee Hock] 
998 |a JPSM 
999 |a 0000001656   |b Monograph   |c Open Shelf   |e Default branch 
999 |a 0000004823   |b Monograph   |c Open Shelf   |e Default branch